| 000 | 02587nab a2200313 a 4500 | ||
|---|---|---|---|
| 005 | 20250228120357.0 | ||
| 008 | 991125c2015 sp ar p o 000 0 spa d | ||
| 035 | _aUPN01000212744 | ||
| 040 |
_aUPN _bspa _cUPN _eaacr2 |
||
| 049 | _aART-E | ||
| 100 | 1 | _aValderrama Hernández, Rocío | |
| 100 | 1 | _aSolís Espallargas, Carmen | |
| 100 | 1 | _aTrigueros Gordillo, Guadalupe | |
| 100 | 1 | _aManjón Ruiz, Juana | |
| 100 | 1 | _aLimón Domínguez, Dolores | |
| 245 | 1 | 3 | _aEl deporte para todos como propuesta educativa para la inclusión y sustentabilidad social |
| 506 | 0 | _aAcceso abierto | |
| 520 | 3 | _aINTRODUCCION. El presente artículo analiza un programa denominado Deporte para Todos, que se desarrolla la ciudad francesa de Montpellier. El estudio se realiza en L’Herault Sport. Este es un organismo asociado al Consejo General de l ́Hérault y miembro del grupo Hérault, que sustenta todo el movimiento deportivo del departamento francés. MÉTODO. A través de una investigación descriptiva y en base a cinco variables (género, relación de los sectores implicados, desarrollo comunitario, políticas públicas y formación de los monitores y voluntarios), cuestionamos el desarrollo del programa de Deporte para Todos como instrumento de inclusión social. RESULTADOS. Los primeros resultados que se presentan corresponden al análisis en torno a las cinco variables, most rando las potencialidades del programa y la necesidad de profundizar en las variables de estudio para la construcción de un verdadero programa que favorezca buen vivir a través del deporte. CONCLUSIONES. Las futuras líneas de investigación apuntan a la realización de nuevas investigaciones que posibiliten una mejora en la participación de las niñas y la mujer como profesional en el programa, de creación de redes entre los sectores implicados que favorece un modelo integrado y sistémico de trabajo, una formación personal y profesional del monitor y voluntario, un compromiso sostenido de las políticas públicas y en consecuencia el desarrollo de la comunidad de estudio como espacio educativo que consolida el buen vivir. | |
| 650 | 2 |
_aDeportes _912162 |
|
| 650 | 2 |
_aPolítica _912556 |
|
| 653 | 0 | _aInclusión social | |
| 653 | 0 | _aDesarrollo comunitario | |
| 653 | 0 | _aSustentabilidad social | |
| 773 |
_gNo. 16 (2015), p. 199-222 _tFuentes : revista de la Facultad de Ciencias de la Educación _x2172-7775 |
||
| 856 | 4 | _uhttps://revistascientificas.us.es/index.php/fuentes/article/view/2369 | |
| 902 | _aGloria Jiménez/280225 | ||
| 905 | _aArticulo | ||
| 942 | _cART-E | ||
| 999 |
_c184844 _d184844 |
||